| 000 | 01008nas a2200349 4500 | ||
|---|---|---|---|
| 001 | BR2015002794 | ||
| 003 | BR-BrBNA | ||
| 005 | 20231205125324.0 | ||
| 007 | ta | ||
| 008 | 230509b bl.|||p| |||| 00| 00por d | ||
| 040 |
_aBR-BrBNA _bpor _cBiblioteca Nacional de Agricultura |
||
| 041 | _a(Pt) | ||
| 072 | _aF30; H10 | ||
| 100 | 1 | _aScherer, A. | |
| 100 | 1 | _aCarneiro, R.G. | |
| 100 | 1 | _aMônaco, A.P. de A. | |
| 100 | 1 | _aMoritz, M.P. | |
| 100 | 1 | _aNakamura, K.C. | |
| 100 | 1 | _aGomes, J.C. | |
| 100 | 1 | _aTorrezani, N.C. | |
| 100 | 1 | _aSantiado, D.C. | |
| 100 | 1 | _aCarneiro, R.M.D.G. | |
| 245 | 1 | _aReação de genótipos de psidium guajava a Meloidogyne enterolobii | |
| 650 | _aGOIABA | ||
| 650 | _aPSIDIUM LITTORALE | ||
| 650 | _aGENÓTIPO | ||
| 650 | _aVARIEDADE RESISTENTE | ||
| 650 | _aNEMATÓIDE | ||
| 773 | 0 |
_tNematologia Brasileira (Brazil) _xISSN 0102-2997 _g(Jun 2012), v. 36(1-2) p. 50-53 _wBR2015002794 |
|
| 909 |
_a202311 _bLúcia _c55 _dLúcia Elande |
||
| 942 |
_2AGRIS _n0 _cANA |
||
| 999 |
_c243786 _d243786 |
||